ROS1 translocations and amplifications in lung cancer brain metastases
Gespeichert in:
| Hauptverfasser: | , , |
|---|---|
| Dokumenttyp: | Article (Journal) Editorial |
| Sprache: | Englisch |
| Veröffentlicht: |
24 April 2014
|
| In: |
Journal of neuro-oncology
Year: 2014, Jahrgang: 118, Heft: 2, Pages: 425-426 |
| ISSN: | 1573-7373 |
| DOI: | 10.1007/s11060-014-1446-x |
| Online-Zugang: | Verlag, lizenzpflichtig, Volltext: https://doi.org/10.1007/s11060-014-1446-x |
| Verfasserangaben: | Matthias Preusser, Berthold Streubel, Peter Birner |
MARC
| LEADER | 00000caa a2200000 c 4500 | ||
|---|---|---|---|
| 001 | 1727330021 | ||
| 003 | DE-627 | ||
| 005 | 20220818180112.0 | ||
| 007 | cr uuu---uuuuu | ||
| 008 | 200818s2014 xx |||||o 00| ||eng c | ||
| 024 | 7 | |a 10.1007/s11060-014-1446-x |2 doi | |
| 035 | |a (DE-627)1727330021 | ||
| 035 | |a (DE-599)KXP1727330021 | ||
| 035 | |a (OCoLC)1341355721 | ||
| 040 | |a DE-627 |b ger |c DE-627 |e rda | ||
| 041 | |a eng | ||
| 084 | |a 33 |2 sdnb | ||
| 100 | 1 | |a Preusser, Matthias |d 1976- |e VerfasserIn |0 (DE-588)1156333008 |0 (DE-627)1019103949 |0 (DE-576)502110627 |4 aut | |
| 245 | 1 | 0 | |a ROS1 translocations and amplifications in lung cancer brain metastases |c Matthias Preusser, Berthold Streubel, Peter Birner |
| 264 | 1 | |c 24 April 2014 | |
| 300 | |a 2 | ||
| 336 | |a Text |b txt |2 rdacontent | ||
| 337 | |a Computermedien |b c |2 rdamedia | ||
| 338 | |a Online-Ressource |b cr |2 rdacarrier | ||
| 500 | |a Gesehen am 18.08.2020 | ||
| 700 | 1 | |a Streubel, Berthold |d 1970- |e VerfasserIn |0 (DE-588)1021150959 |0 (DE-627)691474443 |0 (DE-576)362610142 |4 aut | |
| 700 | 1 | |a Birner, Peter |e VerfasserIn |0 (DE-588)1216128138 |0 (DE-627)1727330730 |4 aut | |
| 773 | 0 | 8 | |i Enthalten in |t Journal of neuro-oncology |d Dordrecht [u.a.] : Springer Science + Business Media B.V, 1983 |g 118(2014), 2, Seite 425-426 |h Online-Ressource |w (DE-627)32046122X |w (DE-600)2007293-4 |w (DE-576)107058944 |x 1573-7373 |7 nnas |a ROS1 translocations and amplifications in lung cancer brain metastases |
| 773 | 1 | 8 | |g volume:118 |g year:2014 |g number:2 |g pages:425-426 |g extent:2 |a ROS1 translocations and amplifications in lung cancer brain metastases |
| 856 | 4 | 0 | |u https://doi.org/10.1007/s11060-014-1446-x |x Verlag |x Resolving-System |z lizenzpflichtig |3 Volltext |
| 951 | |a AR | ||
| 992 | |a 20200818 | ||
| 993 | |a Editorial | ||
| 994 | |a 2014 | ||
| 998 | |g 1216128138 |a Birner, Peter |m 1216128138:Birner, Peter |d 910000 |d 950000 |d 950950 |e 910000PB1216128138 |e 950000PB1216128138 |e 950950PB1216128138 |k 0/910000/ |k 1/910000/950000/ |k 2/910000/950000/950950/ |p 2 | ||
| 998 | |g 1156333008 |a Preusser, Matthias |m 1156333008:Preusser, Matthias |d 910000 |d 950000 |d 950950 |e 910000PP1156333008 |e 950000PP1156333008 |e 950950PP1156333008 |k 0/910000/ |k 1/910000/950000/ |k 2/910000/950000/950950/ |p 1 |x j | ||
| 999 | |a KXP-PPN1727330021 |e 3740704152 | ||
| BIB | |a Y | ||
| SER | |a journal | ||
| JSO | |a {"id":{"doi":["10.1007/s11060-014-1446-x"],"eki":["1727330021"]},"physDesc":[{"extent":"2 S."}],"person":[{"role":"aut","display":"Preusser, Matthias","given":"Matthias","family":"Preusser"},{"given":"Berthold","family":"Streubel","role":"aut","display":"Streubel, Berthold"},{"given":"Peter","family":"Birner","role":"aut","display":"Birner, Peter"}],"origin":[{"dateIssuedDisp":"24 April 2014","dateIssuedKey":"2014"}],"recId":"1727330021","language":["eng"],"type":{"media":"Online-Ressource","bibl":"article-journal"},"title":[{"title_sort":"ROS1 translocations and amplifications in lung cancer brain metastases","title":"ROS1 translocations and amplifications in lung cancer brain metastases"}],"relHost":[{"recId":"32046122X","note":["Gesehen am 11.06.2018","Fortsetzung der Druck-Ausgabe"],"part":{"pages":"425-426","year":"2014","issue":"2","text":"118(2014), 2, Seite 425-426","volume":"118","extent":"2"},"type":{"media":"Online-Ressource","bibl":"periodical"},"id":{"issn":["1573-7373"],"zdb":["2007293-4"],"eki":["32046122X"]},"language":["eng"],"physDesc":[{"extent":"Online-Ressource"}],"disp":"ROS1 translocations and amplifications in lung cancer brain metastasesJournal of neuro-oncology","pubHistory":["1.1983 -"],"origin":[{"publisherPlace":"Dordrecht [u.a.] ; Dordrecht [u.a.]","dateIssuedDisp":"1983-","dateIssuedKey":"1983","publisher":"Springer Science + Business Media B.V ; Kluwer"}],"title":[{"title_sort":"Journal of neuro-oncology","title":"Journal of neuro-oncology"}]}],"note":["Gesehen am 18.08.2020"],"name":{"displayForm":["Matthias Preusser, Berthold Streubel, Peter Birner"]}} | ||
| SRT | |a PREUSSERMAROS1TRANSL2420 | ||